Dự thảo các văn kiện trình đại hội IX của Đảng

Gespeichert in:
Bibliographische Detailangaben
1. Verfasser: Đảng Cộng sản Việt Nam
Format: Buch
Sprache:Undetermined
Veröffentlicht: Đảng Cộng sản Việt Nam 2000
Schlagworte:
Tags: Tag hinzufügen
Keine Tags, Fügen Sie den ersten Tag hinzu!
Thư viện lưu trữ: Trung tâm Học liệu Trường Đại học Cần Thơ
LEADER 00560nam a2200169Ia 4500
001 CTU_52834
008 210402s9999 xx 000 0 und d
082 |a 324.2579075 
082 |b Đ106 
100 |a Đảng Cộng sản Việt Nam 
245 0 |a Dự thảo các văn kiện trình đại hội IX của Đảng 
245 0 |c Đảng Cộng sản Việt Nam 
260 |b Đảng Cộng sản Việt Nam 
260 |c 2000 
650 |a communist parties 
650 |z vietnam 
980 |a Trung tâm Học liệu Trường Đại học Cần Thơ